000 00299nam a22001337a 4500
008 180310b xxu||||| |||| 00| 0 eng d
020 _a9780131953338
041 _aeng
080 _23rd ed.
_a510
100 _a36
101 _aMAT
245 _aIntermediate Algebra
_cLehmann, J
942 _2udc
_cBK
999 _c44653
_d44653